000 00495nam a2200205Ia 4500
003 OSt
005 20221005124726.0
006 a|||||r|||| 00| 0
007 ta
008 221004b |||||||| |||| 00| 0 snd d
024 _a6819
037 _cTextual
040 _aCRL
_cCRL
_bsnd
041 _2snd
_asnd
082 _aO1593,3NKAx, [L0]
245 0 _aNazuk makdiyun kara bhonra
260 _c1970
942 _hO1593,3NKAx, [L0]
_cTEXL
_2cc
999 _c1051427
_d1051427